| 000 | 00394nam a2200121Ia 4500 | ||
|---|---|---|---|
| 008 | 160609s9999 xx 000 0 und d | ||
| 100 | _aPitt, David. | ||
| 245 | _aModern Web Essentials Using JavaScript and HTML5 | ||
| 245 | _cby David Pitt | ||
| 260 | _c2014 | ||
| 650 | _xWEB DESIGN | ||
| 856 | _uhttps://archive.org/stream/pdfy-d37wvjTv7z3iKGlS/WEB%20DESIGN%20ESSENTIALS_final%20(1)_djvu.txt | ||
| 999 |
_c295813 _d295813 |
||